1968-O ano que não terminou (Record no. 122648)

MARC details
000 -LÍDER
campo de controle de tamanho fixo 00246 a2200109 4500
001 - NÚMERO DE CONTROLE
campo de controle 122648
020 ## - ISBN - INTERNATIONAL STANDARD BOOK NUMBER
ISBN - International Standard Book Number 9788576653615
040 ## - FONTE DA CATALOGAÇÃO
Instituição que transcreveu o registro Escola Canadense de Niteroi
100 ## - ENTRADA PRINCIPAL--NOME PESSOAL
Nome pessoal Ventura, Zuenir
245 10 - TÍTULO
Título 1968-O ano que não terminou
942 ## - ELEMENTOS DE ENTRADA ADICIONADOS (KOHA)
Tipo de material Koha Livros
Holdings
Situação do descarte Situação das perdas Situação física Não pode ser emprestado Biblioteca de origem Biblioteca atual Data de aquisição Total de empréstimos Código de barras Data de último acesso Data do preço efetivo Tipo de material Koha
        Canadian School of Niterói - Piratininga Canadian School of Niterói - Piratininga 09/02/2024   A12543 09/02/2024 09/02/2024 Livros